| 000 -ლიდერი |
| ფიქსირებული სიგრძის საკონტროლო ველი |
02067nam a22002777a 4500 |
| 003 - საკონტროლო ნომრის იდენტიფიკატორი |
| საკონტროლო ველი |
Ge_BSU |
| 005 - ბოლო ოპერაციის თარიღი და დრო |
| საკონტროლო ველი |
20220920171428.0 |
| 008 - ფიქსირებული სიგრძის მონაცემთა ელემენტები - ზოგადი ინფორმაცია |
| ფიქსირებული სიგრძის საკონტროლო ველი |
210318s2008 ge ||||| |||| 00| 0 geo d |
| 041 ## - ენის კოდი |
| Language code of text/sound track or separate title |
geo |
| 080 ## - უნივერსალური ათობითი კლასიფიკაციის ინდექსი |
| Universal Decimal Classification number |
81 ჭ-94 |
| 100 ## - მთავარი ჩანაწერი - პიროვნების სახელი |
| Personal name |
ჭყონია, ლიანა |
| 9 (RLIN) |
7868 |
| 245 ## - ცნობა სათაურის შესახებ |
| Title |
ფრაზეოლოგიზმები და მათი უნივერსალობის საკითხი არამონათესავე ენებში თარგმანის საფუძველზე : დისერტაცია/ |
| Statement of responsibility, etc |
ლიანა ჭყონია; სამეცნ. ხელმძღვ. რ. კომახიძე; ბსუ; ჰუმანიტარულ მეცნიერებათა ფაკ-ტი, ქართული ფილოლოგიის დეპარტასმენტი. |
| 264 ## - წარმოების, გამოცემის, დისტრიბუციის და სხვა ცნობები |
| გამოცემის, წარმოების, დისტრიბუციის... ადგილი |
ბათუმი, |
| გამოცემის, წარმოების, დისტრიბუციის... თარიღი |
2008. |
| 300 ## - ფიზიკური აღწერა |
| Extent |
132 გვ. ; |
| Other physical details |
30 სმ. |
| 504 ## - BIBLIOGRAPHY, ETC. NOTE |
| Bibliography, etc |
ბიბლიოგრ.: გვ. 116-119 |
| 653 ## - INDEX TERM--UNCONTROLLED |
| Uncontrolled term |
ქართული ენის ფრაზეოლოგია |
| 653 ## - INDEX TERM--UNCONTROLLED |
| Uncontrolled term |
დისერტაცია |
| 653 ## - INDEX TERM--UNCONTROLLED |
| Uncontrolled term |
ფრაზეოლოგიზმები და მათი უნივერსალობის საკითხი არამონათესავე ენებში თარგმანის საფუძველზე |
| 653 ## - INDEX TERM--UNCONTROLLED |
| Uncontrolled term |
თურქული ენის ფრაზეოლოგია |
| 653 ## - INDEX TERM--UNCONTROLLED |
| Uncontrolled term |
რუსული ენის ფრაზეოლოგია |
| 653 ## - INDEX TERM--UNCONTROLLED |
| Uncontrolled term |
ინგლისური ენის ფრაზეოლოგია |
| 653 ## - INDEX TERM--UNCONTROLLED |
| Uncontrolled term |
თარგმანის თეორია |
| 700 ## - ADDED ENTRY--PERSONAL NAME |
| Personal name |
კომახიძე, რ. |
| Relator term |
სამეცნიერო ხელმძღვანელი |
| 9 (RLIN) |
10692 |
| 710 ## - ADDED ENTRY--CORPORATE NAME |
| Corporate name or jurisdiction name as entry element |
ბსუ |
| Subordinate unit |
ჰუმანიტარულ მეცნიერებათა ფაკ-ტი, ქართული ფილოლოგიის დეპ-ტი |
| 9 (RLIN) |
10556 |
| 942 ## - ADDED ENTRY ELEMENTS (KOHA) |
| Source of classification or shelving scheme |
|
| Koha item type |
წიგნი |